All NHL Goalies of the 2020'S - Statistics

General Stats
  • This quiz has been taken 531 times
    137 since last reset
  • The average score is 127 of 341
Answer Stats
GP Anaheim Ducks % Correct
338 Andrei Vasilevskiy
83%
355 Connor Hellebuyck
81%
349 Sergei Bobrovsky
80%
36 | 45 | 123 Marc Andre Fleury
79%
245 Jeremy Swayman
77%
219 John Gibson
77%
20 | 93 | 130 Linus Ullmark
77%
197 Stuart Skinner
77%
245 Tristan Jarry
77%
30 Carey Price
76%
10 | 76 | 99 Jonathan Quick
76%
2 Chris Gibson
74%
24 | 159 Frederik Andersen
74%
294 Jordan Binnington
74%
177 Lukas Dostal
73%
63 | 76 | 82 Mackenzie Blackwood
73%
27 Stuart Skinner
72%
19 Tristan Jarry
72%
325 Igor Shesterkin
71%
305 Jake Oettinger
71%
57 John Gibson
71%
348 Juuse Saros
71%
27 | 57 | 90 | 119 Darcy Kuemper
70%
190 Ukko Pekka Luukkonen
70%
308 Ilya Sorokin
68%
28 Tuukka Rask
68%
19 | 25 | 139 Adin Hill
67%
153 Carter Hart
67%
5 | 19 | 26 | +2 others Scott Wedgewood
67%
93 | 213 Jacob Markstrom
65%
18 Carter Hart
64%
99 Mike Smith
64%
225 Thatcher Demko
64%
4 | 57 Craig Anderson
63%
27 | 192 Filip Gustavsson
63%
40 | 188 Philipp Grubauer
63%
59 Jakub Dobes
62%
40 Jesper Wallstedt
62%
274 Elvis Merzlikins
61%
11 | 55 | 58 | 83 Joonas Korpisalo
60%
206 Sam Montembeault
60%
2 | 6 | 15 | 74 Alex Lyon
59%
117 Joseph Woll
59%
21 | 24 Braden Holtby
57%
24 Pekka Rinne
57%
81 | 127 Jake Allen
56%
101 | 103 Logan Thompson
56%
70 | 80 Spencer Knight
56%
36 Alex Lyon
55%
5 | 100 Daniel Vladar
55%
5 | 12 | 20 | 128 Petr Mrazek
55%
29 | 57 | 84 Casey DeSmith
54%
128 Dustin Wolf
54%
26 | 36 | 54 | +2 others Cam Talbot
53%
262 Karel Vejmelka
53%
173 Semyon Varlamov
53%
24 | 57 | 84 Ville Husso
53%
27 | 56 | 60 Anthony Stolarz
52%
19 Arturs Silovs
52%
52 Daniel Vladar
52%
10 Petr Mrazek
52%
3 | 99 Connor Ingram
51%
1 | 3 | 29 | 64 Eric Comrie
51%
3 | 60 Yaroslav Askarov
51%
3 | 142 Anton Forsberg
50%
22 | 34 | 35 | 48 Martin Jones
50%
8 | 164 Joey Daccord
49%
39 Arturs Silovs
48%
12 | 75 Calvin Pickard
48%
32 Connor Ingram
48%
2 | 22 | 25 | +2 others James Reimer
48%
43 | 69 | 98 Kevin Lankinen
48%
31 | 52 | 143 Alexandar Georgiev
47%
36 Anton Forsberg
47%
14 James Reimer
47%
4 | 28 | 47 Matt Murray
46%
29 | 51 Justus Annunen
44%
5 Matt Murray
44%
125 Pyotr Kochetkov
44%
33 | 66 Robin Lehner
44%
7 | 18 | 79 | 84 Vitek Vanecek
44%
74 | 76 Alex Nedeljkovic
41%
39 Devon Levi
41%
41 | 77 Jack Campbell
41%
143 Sam Ersson
41%
22 Vitek Vanecek
41%
5 | 141 Charlie Lindgren
39%
16 Ryan Miller
39%
39 | 43 Akira Schmid
38%
40 Alex Nedeljkovic
38%
39 Brandon Bussi
38%
4 | 15 | 17 | +2 others David Rittich
38%
76 Jet Greaves
38%
2 | 13 | 20 | 70 Jonas Johansson
38%
12 | 79 Antti Raanta
37%
30 David Rittich
37%
5 | 17 Devan Dubnyk
37%
29 | 82 | 89 Ilya Samsonov
37%
115 Joel Hofer
36%
1 | 4 | 17 Malcolm Subban
36%
17 Jacob Fowler
35%
17 | 25 | 61 Jaroslav Halak
35%
112 Arvid Soderblom
34%
35 | 77 Laurent Brossoit
34%
1 | 41 Anton Khudobin
33%
65 Daniil Tarasov
33%
33 Daniil Tarasov
32%
1 Laurent Brossoit
32%
30 | 41 Brian Elliott
31%
71 Mikko Koskinen
31%
1 Cory Schneider
30%
34 Leevi Merilainen
29%
16 Colten Ellis
28%
1 | 6 | 54 | 79 Kaapo Kahkonen
28%
1 Michael DiPietro
28%
1 Michael DiPietro
27%
3 | 55 Cayden Primeau
26%
6 Devin Cooley
26%
31 Devin Cooley
24%
37 Pavel Francouz
24%
21 | 65 Thomas Greiss
24%
5 | 82 Cal Petersen
23%
2 | 47 Pheonix Copley
23%
4 | 7 Andrew Hammond
22%
26 Denis Hildeby
21%
55 Nico Daws
21%
6 | 13 | 15 | 35 Spencer Martin
21%
7 | 12 Aaron Dell
20%
29 | 35 Chris Driedger
20%
29 Ivan Fedotov
20%
10 | 34 Jonathan Bernier
20%
1 | 10 Keith Kinkaid
20%
31 Mads Sogaard
20%
1 | 2 | 16 Louis Domingue
19%
21 Aleksei Kolosov
18%
3 | 16 Carter Hutton
18%
1 | 27 Alex Stalock
17%
4 | 6 | 42 Dustin Tokarski
17%
15 Joel Blomqvist
17%
8 Matiss Kivlenieks
16%
1 | 10 | 16 Michael Hutchinson
16%
4 Niklas Kokko
16%
14 | 20 Collin Delia
15%
1 David Ayres
15%
12 Curtis McElhinney
14%
16 Marcus Hogberg
13%
1 Oscar Dansk
13%
1 Sebastian Cossa
13%
30 Felix Sandstrom
12%
2 Garret Sparks
12%
23 Nikita Tolopilo
12%
2 Olivier Rodrigue
12%
1 | 3 | 18 Magnus Hellberg
11%
6 Jean Francois Berube
10%
1 | 8 Jiri Patera
10%
1 Kasimir Kaskisuo
10%
24 Erik Kallgren
9%
10 Georgi Romanov
9%
9 Magnus Chrona
9%
1 | 2 Maxime Lagace
9%
1 Michael McNiven
9%
6 Trent Miner
9%
1 Veini Vehvilainen
9%
3 Dylan Garand
7%
2 Eetu Makiniemi
7%
6 Harri Sateri
7%
1 | 5 Hunter Shepard
7%
11 | 13 Ivan Prosvetov
7%
6 Matt Tomkins
7%
1 | 3 Brandon Halverson
6%
8 Carl Lindbom
6%
5 Drew Commesso
6%
1 Hugo Alnefelt
6%
6 Jaxson Stauber
6%
1 | 3 | 19 Jon Gillies
6%
2 | 10 Josef Korenar
6%
3 Thomas Milic
6%
2 Antoine Bibeau
5%
3 Artur Akhtyamov
5%
1 Artyom Zagidulin
5%
5 Clay Stevenson
5%
2 Dylan Ferguson
5%
5 Hunter Miska
5%
1 Matthew Berlin
5%
6 Michael Houser
5%
5 Sergey Murashov
5%
7 Zachary Sawchenko
5%
4 Zach Fucale
5%
1 Adam Huska
4%
1 Arsenii Sergeev
4%
1 Erik Portillo
4%
2 Jack LaFontaine
4%
3 Kevin Mandolese
4%
1 Olle Eriksson Ek
4%
2 Victor Ostman
4%
1 Vyacheslav Buteyets
4%
2 Jakub Skarek
3%
1 Jett Alexander
3%
1 Kenneth Appleby
3%
3 Matt Villalta
3%
1 Thomas Hodges
3%
2 Yaniv Perets
3%
2 Adam Werner
2%
1 Ales Stezka
2%
3 Alexei Melnichuk
2%
1 Dylan Wells
2%
1 Tristan Lennox
2%
2 Gilles Senn
1%
2 Troy Grosenick
1%
No matching quizzes found
Score Distribution
Percent of People with Each Score
Percentile by Number Answered
Your Score History
You have not taken this quiz since the last reset